00620nam a22001937a 450000500170000001000150001702000260003202000320005803500130009003700130010308200130011610000220012924501030015126000450025427000670029930000240036670000170039070000190040720170809110039.0 aENG-110455 a9788183223218c150.00 a9788183223218c195.00 (AV) aEN-93987 bDBAD/PUB a658.4092 aCovey, Stephen R.00aPredictable results in unpredictable times /cby Stephen R. Covey, Bob Whitman [and] Breck England aNew DelhibManjul Publishing Housec2012 a7/32, Ground Floor, Ansari Road, Darya GanjbNew Delhie110002 avi,110p.c22cm(pbk) aWhitman, Bob aEngland, Breck